Re-framing regional development : evolution, innovation and transition
Αποθηκεύτηκε σε:
| Άλλοι συγγραφείς: | |
|---|---|
| Μορφή: | Βιβλίο |
| Γλώσσα: | English |
| Δημοσίευση: |
London :
Routledge,
c2013
|
| Σειρά: | Regions and cities ;
; 62 |
| Θέματα: | |
| Ετικέτες: |
Προσθήκη ετικέτας
Δεν υπάρχουν, Καταχωρήστε ετικέτα πρώτοι!
|
MARC
| LEADER | 00000nam a2200000 i 4500 | ||
|---|---|---|---|
| 001 | 1/34604 | ||
| 008 | 130819s2013 eng d | ||
| 020 | |a 978-0-415-68646-4 (hbk.) | ||
| 035 | |l 10115304 | ||
| 040 | |a GR-MY-UA |b gre |e aacr | ||
| 041 | 0 | |a eng | |
| 082 | 0 | |a 307.12 |2 (22) | |
| 245 | 1 | 0 | |a Re-framing regional development : |b evolution, innovation and transition / |c edited by Philip Cooke |
| 260 | |a London : |b Routledge, |c c2013 | ||
| 300 | |a xvii, 367 σ.; |b διαγρ., πίν.; |c 24 εκ. | ||
| 490 | 1 | |a Regions and cities |v ; 62 | |
| 504 | |a Περιέχει βιβλιογραφικές παραπομπές και ευρετήριο | ||
| 650 | 0 | 0 | |a Regional planning. |
| 650 | 0 | 0 | |a Regional economics. |
| 650 | 0 | 0 | |a Industrial clusters. |
| 650 | 0 | 0 | |a Technological innovations |x Economic aspects. |
| 700 | 1 | |a Cooke, Philip. |4 edt | |
| 830 | 0 | |a Regions and cities ; |v ; 62 | |
| 852 | |a INST |b CHIOS |e 20130819 |h 307.12 REF |p 005200034784 |q 005200034784 |t BK |y 0 | ||
| 901 | |a BIBL2-2013-2 | ||
| 909 | |a Χ |b 181640 | ||
| 922 | |a 2ΕΛΗ |b 201307 |c ΤΑΚ/ΤΔΕ |d ΔΡΕΣ | ||
| 970 | |a ΣΠΕΝΤΖΑ |b ΕΛΕΝΗ |z 2013/08/19 | ||